Discrete mathematics with combinatorics

Saved in:
Bibliographic Details
Main Author: James A. Anderson
Format: Book
Language:Undetermined
Published: Upper Saddle River, NJ Prentice Hall 2001
Subjects:
Tags: Add Tag
No Tags, Be the first to tag this record!
Institutions: Trung tâm Học liệu Trường Đại học Cần Thơ
LEADER 00549nam a2200193Ia 4500
001 CTU_56291
008 210402s9999 xx 000 0 und d
082 |a 510 
082 |b A547 
100 |a James A. Anderson 
245 0 |a Discrete mathematics with combinatorics 
245 0 |c James A. Anderson 
260 |a Upper Saddle River, NJ 
260 |b Prentice Hall 
260 |c 2001 
526 |a Toán rời rạc 
526 |b TN630 
650 |a mathematics,combinatorial analysis 
980 |a Trung tâm Học liệu Trường Đại học Cần Thơ